La práctica analítica

Uloženo v:
Podrobná bibliografie
Médium: Kniha
Jazyk:španělština
Vydáno: Buenos Aires Paidós 2003
Edice:Colección Orientación Lacaniana, 12
Témata:
Tagy: Přidat tag
Žádné tagy, Buďte první, kdo vytvoří štítek k tomuto záznamu!

MARC

LEADER 00000cam a2200000 a 4500
001 UCF9040
003 CL-VaPUC
005 20210515001942.0
008 131018e20030000ag |||||||||||||||||spa|d
999 |c 353525  |d 353523 
020 |a 9501278123 
040 |c Pontificia Universidad Católica de Valparaíso 
082 0 4 |a 150.195  |b PRA  |2 21 
245 1 3 |a La práctica analítica 
260 |a Buenos Aires  |b Paidós  |c 2003 
300 |a 282 p 
490 0 |a Colección Orientación Lacaniana, 12 
583 |a last modification  |c 20131018 14:00:00  |k Rodrigo Vera 
600 |a Lacan, Jacques-Marie Émile  |d 1901-1981  |9 859813 
650 0 |a Psicología   |9 257863 
650 0 |a Psicoanálisis   |9 265702 
852 |a BIBCUR 
942 |c BK  |2 ddc 
945 |d 20131018 14:00:00  |a dcastane 
952 |0 0  |1 0  |3 erb  |4 0  |6 150_195000000000000_PRA_2003  |7 0  |8 A  |9 458839  |a BIBEDU  |b BIBEDU  |d 2019-11-23  |i 5019265  |o 150.195 PRA 2003  |p 5019265  |r 2019-11-23  |w 2019-11-23  |y BK  |z Catalogado en:20131018  |k PSI